000 00556nam a22001697a 4500
003 OSt
005 20240530110425.0
008 150323s2012 xxuapo f 000 0 eng d
020 _a9787535647122
040 _aEG-CaGPL
_cEG-CaGPL
082 0 4 _221
_a720.94\
_bT I
245 0 0 _aIntegration of Details of European Classical Architecture :
_bFrom Ancient Roman Palace to Modern Residence /
_cTang Art Design &Information Group Limited
300 _a3 v. :
_bill ;
_c30 cm.
710 0 _aTang Art Design
710 0 _aInformation Group Limited
942 _2ddc
_cBK
999 _c60741
_d60741